000 00660nam a2200241Ia 4500
005 20260430150017.0
008 008 250103s9999 xx 000 0 eng d
037 _aTheses
040 _aCRL
040 _beng
040 _ceng
041 _2eng
041 _aeng
084 _qCRL
100 _aFarzana Begum Au.; Kashyap Rina Gu.
_91236191
245 0 _aSecularism and accommodation of religious minorities in Bangladesh
260 _c2021
300 _a293p.
650 _aPolitical Science
700 _aUniversity of Delhi. Faculty of Social Sciences. Department of Political Science
_9520505
942 _cTH
999 _c1848721
_d1848721